00914cam a2200253 a 450000100060000000300080000600500170001400800410003102000290007203500190010104000320012004100080015208200270016024501110018725000120029826000530031030000330036350000450039650000200044150400360046150501000049765100280059770000350062528066BD-RjUL20211209051232.0140329s1981 nyua b 001 0 eng d a0155656732 (pbk. : v. 1) a(BD-RjUL)28147 aDLCcDLCdDLCdBD-RjULbeng aeng00a973219bNAT Pt-1 198104aThe National experience :cJohn M. Blum ... [et al.].bA History of the United States to 1877 /nPart One a5th ed. aNew York :bHarcourt, Brace, Jovanovich,cc1981. axiv,970 p. :bill. ;c26 cm. aAlso published as a combined single vol. aIncludes index. aBibliography: v. 1, p. 408-409.1 apt. 1. A History of the United States to 1877.pt. 2- A history of the United States since 1865 0aUnited StatesxHistory.1 aBlum, John Morton,d1921-2011.